000 00451nam a2200193Ia 4500
003 OSt
005 20220926045611.0
006 a|||||r|||| 00| 0
007 ta
008 220923b |||||||| |||| 00| 0 eng d
037 _cGeneral Book
040 _aRTL
_cRTL
_beng
041 _2eng
_aeng
110 _aSyllabus
_9350426
245 0 _aB A Sociology (Hons)
700 _aSyllabus
_9350427
942 _cGB
_2CC
999 _c678057
_d678057